000 00671nam a22001817a 4500
008 160715b xxu||||| |||| 00| 0 eng d
020 _a9783527315109
082 _22006
_aDC 546
_bIn7
245 _aInorganic chemistry in focus III/
_cEdited by Gerd Meyer, dieter Naumann and Lars Wesemann.
260 _aGermany:
_bWiley-VCH Verlag GmbH & Co.,
_cc2006.
300 _axlvi, 329 pages:
_billustrations;
_c24 cm.
500 _aIncludes bibliographical references and indexes.
650 0 _911345
_aChemistry, inorganic
700 _911346
_aMeyer, Gerd
_eEditor
700 _911347
_aNaumann, Dieter
_eEditor
700 _911348
_aWesemann, Lars
_eEditor
942 _2ddc
_cDC
999 _c3402
_d3402